DW884 Przebieg drogi wojewódzkiej 884 - Statystyki

Ogólne statystyki
  • Ten quiz został rozwiązany 4 razy
  • Średni wynik to 6 z 15
Statystyki odpowiedzi
Hint Odpowiedź % Poprawnych
Miasta na prawach powiatu Przemyśl
100%
Wieś Domaradz
75%
Miasto gminne Dubiecko
75%
Miasto Gmine Dynów
75%
Wieś Bachórz
50%
Wieś Barycz
50%
Wieś Bachórzec
25%
Wieś Harta
25%
Wieś Krzywcza
25%
Wieś Przedmieście Dubieckie
25%
Wieś Ulanica
25%
Wieś Wyręby
25%
Wieś Nienadowa
0%
Wieś Ryta Górka
0%
Wieś Ujazdy
0%
Nie znaleziono quizów pasujących do podanych kryteriów
Rozkład punktacji
Procent ludzi z każdym wynikiem
Percentyl według liczby udzielonych odpowiedzi
Twoja historia wyników
Nie rozwiązałeś tego quizu